Biblical Foundation for Interfaith Dialogue (Record no. 11223)

MARC details
000 -LEADER
fixed length control field 00626nam a2200253 a 4500
001 - CONTROL NUMBER
control field 0001-1223
003 - CONTROL NUMBER IDENTIFIER
control field ELIB.Books
008 - FIXED-LENGTH DATA ELEMENTS--GENERAL INFORMATION
fixed length control field 150529 2010 eng
020 ## - INTERNATIONAL STANDARD BOOK NUMBER
International Standard Book Number KBTS
035 ## - SYSTEM CONTROL NUMBER
System control number (ELIB.Books)0001-1378
092 ## - LOCALLY ASSIGNED DEWEY CALL NUMBER (OCLC)
Classification number J
Item number Dun
100 ## - MAIN ENTRY--PERSONAL NAME
Personal name Dun, Mary.
245 ## - TITLE STATEMENT
Title Biblical Foundation for Interfaith Dialogue
250 ## - EDITION STATEMENT
Edition statement Vol 6.
260 ## - PUBLICATION, DISTRIBUTION, ETC. (IMPRINT)
Place of publication, distribution, etc. MIT
Name of publisher, distributor, etc. Judson Research Center
Date of publication, distribution, etc. 2006
300 ## - PHYSICAL DESCRIPTION
Extent 30-34
Dimensions 25 Cm
500 ## - GENERAL NOTE
General note Vol 6.
650 ## - SUBJECT ADDED ENTRY--TOPICAL TERM
Topical term or geographic name as entry element Biblical Theology
856 ## - ELECTRONIC LOCATION AND ACCESS
Name of location of host KBTS: Library
Uniform Resource Identifier <a href="KBTS: Elib">KBTS: Elib</a>
942 ## - ADDED ENTRY ELEMENTS (KOHA)
Source of classification or shelving scheme Dewey Decimal Classification
Koha item type Books
990 ## - EQUIVALENCES OR CROSS-REFERENCES [LOCAL, CANADA]
Link information for 9XX fields 1
998 ## - LOCAL CONTROL INFORMATION (RLIN)
Cataloger's initials, CIN (RLIN) bat
-- 2015-05-29
Holdings
Withdrawn status Lost status Source of classification or shelving scheme Damaged status Not for loan Home library Current library Date acquired Total Checkouts Barcode Date last seen Bill Date Koha item type
    Dewey Decimal Classification     Karen Baptist Theological Seminary Library Karen Baptist Theological Seminary Library 29/05/2015   J Biblical Theology 22/01/2022 22/01/2022 Books
Implemented & Customized by: BestBookBuddies

Powered by Koha